| 000 | 00599nam a2200181Ia 4500 | ||
|---|---|---|---|
| 003 | GCL | ||
| 008 | 140319s9999 xx 000 0 ara d | ||
| 040 |
_aGCL / _cGCL |
||
| 082 | 0 | 4 |
_a511 _bب و |
| 100 | 1 | _aبرهامى حشيش | |
| 245 | 1 | 0 |
_aالوسيط فى حساب التفاضل والتكامل / _cبرهامى حشيش |
| 260 |
_a[S.N] : _bدار الراتب الجامعية |
||
| 300 | _a143 ص | ||
| 490 |
_aسلسلة الرياضيات الهندسية _v0 |
||
| 650 | 0 | 4 | _aالتفاضل والتكامل |
| 650 | 0 | 4 | _aحساب التفاضل والتكامل |
| 942 |
_2ddc _cBK |
||
| 999 |
_c34551 _d34551 |
||